| 000 | 00799nam a2200241Ia 4500 | ||
|---|---|---|---|
| 003 | OSt | ||
| 005 | 20220923210948.0 | ||
| 006 | a|||||r|||| 00| 0 | ||
| 007 | ta | ||
| 008 | 220922b |||||||| |||| 00| 0 hin d | ||
| 020 |
_a8126005734 (pbk) _c40 |
||
| 024 | _a290,020 | ||
| 037 |
_b1028, 18/03/2016, H.K. Prakashan _cTextual |
||
| 040 |
_aARTS _cARTS _bhin |
||
| 041 |
_2hin _ahin |
||
| 082 | _aO152,3M80x, 153P7.1 | ||
| 245 | 0 |
_aਪ੍ਰੇਮਚੰਦ _b ਚੋਣਵੀਆਂ ਕਹਾਣੀਆਂ |
|
| 260 |
_aਦਿੱਲੀ _b ਸਾਹਿਤ ਅਕਾਦੇਮੀ _c2007 |
||
| 300 |
_a100ਪੰ _ccm. |
||
| 650 |
_aਹਿੰਦੀ ਸਾਹਿਤ _9156580 |
||
| 942 |
_hO152,3M80x, 153P7.1 _cTEXL _2CC |
||
| 999 |
_c293211 _d293211 |
||